| 000 | 00972nam a2200253Ia 4500 | ||
|---|---|---|---|
| 003 | GCL | ||
| 008 | 140319s9999 xx 000 0 ara d | ||
| 040 |
_aGCL / _cGCL |
||
| 082 | 0 | 4 |
_a320.54 _bم ت |
| 100 | 1 | _aمركز دراسات الوحدة العربية | |
| 245 | 1 | 0 |
_aالتجارب الوحدوية العربية المعاصرة: تجربة دولة الامارات العربية المتحدة بحوث ومناقشات / _cمركز دراسات الوحدة العربية |
| 700 | 1 | _aمحمود على داود | |
| 260 |
_a[S.N] : _bمركز دراسات الوحدة العربية ، _c1981 |
||
| 300 | _a814 ص | ||
| 490 | _a | ||
| 650 | 0 | 4 | _aالعصر الحديث |
| 650 | 0 | 4 | _aتاريخ |
| 650 | 0 | 4 | _aالسياسة |
| 650 | 0 | 4 | _aالوحدة العربية |
| 650 | 0 | 4 | _aالاحتلال البريطانى |
| 650 | 0 | 4 | _aالامارات العربية المتحدة |
| 650 | 0 | 4 | _aالوحدة السياسية |
| 942 |
_2ddc _cBK |
||
| 999 |
_c35329 _d35329 |
||